[Event "British Columbia-ch U20"]
[Site "New Westminster CAN"]
[Date "2010.11.13"]
[Round "2"]
[White "Doknjas, John"]
[Black "Rathburn, Hector"]
[Result "1-0"]
[WhiteElo "1883"]
[BlackElo "1627"]
[PlyCount "103"]
[EventDate "2010.11.13"]
[EventType "swiss"]
[EventRounds "5"]
[EventCountry "CAN"]

1. d4 d5 2. c4 e6 3. Nc3 Nf6 4. Bg5 Be7 5. Nf3 Nbd7 6. e3 O-O 7. Bd3 h6 8. Bh4
b6 9. cxd5 exd5 10. O-O Bb7 11. Rc1 c6 12. Bb1 Re8 13. Qc2 Rc8 14. Ne5 Nf8 15.
Ne2 c5 16. Qa4 Qc7 17. Bf5 Bc6 18. Nxc6 Qxc6 19. Qxc6 Rxc6 20. Rc2 c4 21. Nc3
Rd8 22. Rd1 g6 23. Bxf6 Bxf6 24. Bg4 Bg7 25. Bf3 Rcd6 26. Rdc1 Ne6 27. Nxd5
Rxd5 28. Bxd5 Rxd5 29. Rxc4 f5 30. Ra4 Rd7 31. Rc8+ Kf7 32. Ra8 a5 33. Rb8 Rc7
34. g3 Rc6 35. b4 Nc7 36. bxa5 b5 37. Ra3 Bf8 38. Rb3 Bd6 39. Rb6 Rc1+ 40. Kg2
Ke6 41. a6 Kd5 42. a7 b4 43. Rb8 Kc4 44. Rc8 Kd5 45. Rxc7 Rxc7 46. a8=Q+ Ke6
47. Qe8+ Kf6 48. Qb5 Ra7 49. Qb6 Rxa2 50. Qxd6+ Kg5 51. Qf4+ Kh5 52. Qh4# 1-0

[Event "British Columbia-ch U20"]
[Site "New Westminster CAN"]
[Date "2010.11.13"]
[Round "2"]
[White "Foote, Joanne"]
[Black "Yee, Anderson"]
[Result "1-0"]
[WhiteElo "1470"]
[BlackElo "1524"]
[PlyCount "101"]
[EventDate "2010.11.13"]
[EventType "swiss"]
[EventRounds "5"]
[EventCountry "CAN"]

1. e4 e5 2. f4 Bc5 3. Nf3 d6 4. Bc4 Nc6 5. Nc3 Nf6 6. d3 a6 7. Qe2 b5 8. Bb3
Bb7 9. Be3 Bxe3 10. Qxe3 h6 11. f5 Na5 12. O-O Nxb3 13. axb3 O-O 14. Rfc1 Re8
15. Rd1 Qe7 16. Rac1 c6 17. Na2 Rad8 18. c4 Rd7 19. Nc3 b4 20. Ne2 c5 21. Qf2
Bc6 22. h3 Ra7 23. Ra1 Rea8 24. g4 Nd7 25. h4 f6 26. Qg3 Kf7 27. Kf2 Rg8 28.
Rg1 g5 29. fxg6+ Rxg6 30. g5 Ra8 31. h5 Rg7 32. g6+ Ke8 33. Nh4 Rg8 34. Nf5 Qf8
35. g7 Rxg7 36. Qxg7 Kd8 37. Qxf8+ Nxf8 38. Nxh6 Ne6 39. Rg8+ Be8 40. Nf5 Kd7
41. h6 Rd8 42. h7 Bf7 43. Rxd8+ Kxd8 44. h8=Q+ Kd7 45. Qxf6 Bh5 46. Qe7+ Kc8
47. Qxe6+ Kc7 48. Rxa6 Bxe2 49. Qxd6+ Kc8 50. Ra7 Bf1 51. Qf8# 1-0

[Event "British Columbia-ch U20"]
[Site "New Westminster CAN"]
[Date "2010.11.13"]
[Round "2"]
[White "Han, Lionel"]
[Black "Cheng, Jack"]
[Result "0-1"]
[WhiteElo "1405"]
[BlackElo "1935"]
[PlyCount "48"]
[EventDate "2010.11.13"]
[EventType "swiss"]
[EventRounds "5"]
[EventCountry "CAN"]

1. e4 e5 2. Nf3 Nc6 3. Bc4 Nf6 4. d3 Be7 5. O-O O-O 6. Re1 d6 7. c3 Na5 8. Bb5
a6 9. Ba4 b5 10. Bc2 c5 11. d4 Nc6 12. h3 cxd4 13. cxd4 exd4 14. Nxd4 Nxd4 15.
Qxd4 Be6 16. Bf4 d5 17. e5 Nh5 18. Qd3 g6 19. Bh6 Ng7 20. f4 Rc8 21. Bb3 Re8
22. g4 Bc5+ 23. Kf1 Qh4 24. Bg5 Qf2# 0-1

[Event "British Columbia-ch U20"]
[Site "New Westminster CAN"]
[Date "2010.11.13"]
[Round "2"]
[White "He, Andy"]
[Black "Qian, Jack"]
[Result "1/2-1/2"]
[WhiteElo "1488"]
[BlackElo "1672"]
[PlyCount "93"]
[EventDate "2010.11.13"]
[EventType "swiss"]
[EventRounds "5"]
[EventCountry "CAN"]

1. e4 e5 2. Nf3 Nc6 3. Bc4 Bc5 4. c3 Nf6 5. d4 exd4 6. cxd4 Bb4+ 7. Bd2 Bxd2+
8. Nbxd2 d5 9. exd5 Nxd5 10. Nb3 O-O 11. O-O Nce7 12. Ne5 c6 13. Re1 Bf5 14. a3
Re8 15. Bd3 Bxd3 16. Qxd3 f6 17. Nc4 b6 18. Ne3 Nf4 19. Qd2 Ned5 20. Nxd5 Nxd5
21. Rxe8+ Qxe8 22. Re1 Qf7 23. Qc2 Re8 24. Rxe8+ Qxe8 25. h3 Qe6 26. Qd1 Ne7
27. Nd2 Nf5 28. Nf3 Qd5 29. Qd2 Kf7 30. Kf1 Qc4+ 31. Qe2 Qc1+ 32. Ne1 g6 33.
Qc2 Qxc2 34. Nxc2 Ke6 35. Ke2 a5 36. Kd3 Ne7 37. Ne3 Nd5 38. Nxd5 Kxd5 39. b3
b5 40. b4 a4 41. f3 f5 42. g3 h6 43. h4 g5 44. hxg5 hxg5 45. g4 Ke6 46. Ke3 Kf6
47. Kf2 1/2-1/2

[Event "British Columbia-ch U20"]
[Site "New Westminster CAN"]
[Date "2010.11.13"]
[Round "2"]
[White "Sohal, Tanraj"]
[Black "Xiao, Alice"]
[Result "1-0"]
[WhiteElo "2153"]
[BlackElo "1728"]
[PlyCount "143"]
[EventDate "2010.11.13"]
[EventType "swiss"]
[EventRounds "5"]
[EventCountry "CAN"]

1. d4 d5 2. c4 e6 3. Nc3 Nf6 4. cxd5 exd5 5. Bg5 Be7 6. e3 h6 7. Bh4 O-O 8. Bd3
b6 9. Nge2 Nbd7 10. O-O Bb7 11. Qb3 c6 12. Rac1 Rc8 13. a3 Kh8 14. Rfd1 Ne4 15.
Bg3 Nxg3 16. Nxg3 Bd6 17. e4 Bxg3 18. hxg3 dxe4 19. Bxe4 Nf6 20. Bf3 Qd7 21.
Qa4 Ba8 22. Re1 Rfe8 23. Rxe8+ Rxe8 24. Rd1 Rd8 25. Qc4 Nd5 26. Bxd5 cxd5 27.
Qd3 Bb7 28. Re1 Re8 29. Re3 Kg8 30. Qe2 Rxe3 31. Qxe3 Qe6 32. Qxe6 fxe6 33. f4
Kf8 34. Kf2 Ke7 35. Nb5 a6 36. Nc3 Bc6 37. Kf3 Kf6 38. Nd1 Ba4 39. Nc3 Bc6 40.
b3 Be8 41. g4 Bc6 42. Nd1 Be8 43. Ne3 Bc6 44. g3 Bd7 45. Kg2 Bc6 46. Kh3 Bd7
47. Kh4 Bc8 48. Kh5 Bd7 49. g5+ hxg5 50. fxg5+ Kf7 51. Ng4 Bb5 52. Ne5+ Kg8 53.
Kg4 Be8 54. Kf4 Kf8 55. Nd3 Ke7 56. Ke5 Bd7 57. Nf4 Bc8 58. g6 Bd7 59. Nh5 Be8
60. Nxg7 Bxg6 61. Nxe6 b5 62. Nc7 Kd7 63. Nxa6 Bc2 64. g4 Bxb3 65. Nc5+ Kc6 66.
Nxb3 b4 67. axb4 Kb5 68. g5 Kxb4 69. g6 Kxb3 70. g7 Kb4 71. g8=Q Ka4 72. Qb8
1-0

[Event "British Columbia-ch U20"]
[Site "New Westminster CAN"]
[Date "2010.11.13"]
[Round "3"]
[White "Cheng, Jack"]
[Black "Lo, Ryan"]
[Result "1/2-1/2"]
[WhiteElo "1935"]
[BlackElo "1860"]
[PlyCount "57"]
[EventDate "2010.11.13"]
[EventType "swiss"]
[EventRounds "5"]
[EventCountry "CAN"]

1. e4 c5 2. Nf3 e6 3. d4 cxd4 4. Nxd4 a6 5. Nc3 Qc7 6. Be2 Nf6 7. O-O d6 8. f4
Nbd7 9. Be3 b5 10. Bf3 Bb7 11. a3 Be7 12. Nb3 O-O 13. Qe1 Nc5 14. Nxc5 dxc5 15.
e5 Nd7 16. Ne4 c4 17. Rd1 Rad8 18. Qg3 Bxe4 19. Bxe4 Bc5 20. Kh1 Bxe3 21. Qxe3
Nc5 22. h3 g6 23. Qf3 Nxe4 24. Qxe4 Rxd1 25. Rxd1 Rd8 26. Qf3 Kg7 27. Kh2 Rd7
28. Rxd7 Qxd7 29. Qf2 1/2-1/2

[Event "British Columbia-ch U20"]
[Site "New Westminster CAN"]
[Date "2010.11.13"]
[Round "3"]
[White "Doknjas, John"]
[Black "Sohal, Tanraj"]
[Result "0-1"]
[WhiteElo "1883"]
[BlackElo "2153"]
[PlyCount "74"]
[EventDate "2010.11.13"]
[EventType "swiss"]
[EventRounds "5"]
[EventCountry "CAN"]

1. d4 d5 2. c4 e6 3. Nc3 c6 4. Nf3 dxc4 5. a4 Bb4 6. e4 b5 7. Be2 Nf6 8. Qc2
O-O 9. O-O Bd7 10. Bg5 Be7 11. e5 Nd5 12. Bxe7 Nxe7 13. Ne4 a5 14. Nfg5 Ng6 15.
h4 h6 16. h5 hxg5 17. hxg6 f5 18. exf6 gxf6 19. f4 Be8 20. fxg5 Qxd4+ 21. Kh1
Bxg6 22. Bf3 Ra7 23. Qf2 Qxf2 24. Rxf2 Bxe4 25. Bxe4 fxg5 26. Rxf8+ Kxf8 27.
Rf1+ Rf7 28. Rxf7+ Kxf7 29. Kg1 Kf6 30. Kf2 Ke5 31. Ke3 b4 32. Bf3 Nd7 33. Bxc6
Nb6 34. g4 Nd5+ 35. Kf3 Kd4 36. Ke2 c3 37. bxc3+ bxc3 0-1

[Event "British Columbia-ch U20"]
[Site "New Westminster CAN"]
[Date "2010.11.13"]
[Round "3"]
[White "Rathburn, Hector"]
[Black "Foote, Joanne"]
[Result "1-0"]
[WhiteElo "1627"]
[BlackElo "1470"]
[PlyCount "127"]
[EventDate "2010.11.13"]
[EventType "swiss"]
[EventRounds "5"]
[EventCountry "CAN"]

1. Nf3 d5 2. d4 Nf6 3. g3 e6 4. Bg2 c5 5. c3 Nc6 6. O-O Be7 7. b3 O-O 8. Bf4 b5
9. dxc5 Bxc5 10. Qd3 a6 11. Nbd2 Bb7 12. Nd4 Rc8 13. a3 Ba7 14. Rfc1 Na5 15. e3
h6 16. Bf3 Re8 17. Be5 Nd7 18. Bd6 Nc6 19. c4 Nf6 20. Nxc6 Bxc6 21. c5 Bb8 22.
Bxb8 Rxb8 23. Bg2 Qe7 24. b4 Ra8 25. Nb3 e5 26. Rd1 Red8 27. Rac1 Rd7 28. Na5
Qe6 29. Re1 e4 30. Qd4 Ng4 31. Bh3 f5 32. Bxg4 fxg4 33. Nxc6 Qxc6 34. Qe5 Rf8
35. Red1 Kh8 36. Qh5 Qe6 37. c6 Rc7 38. Qxd5 Qf6 39. Rd2 Re8 40. Rdc2 Qe7 41.
Rd1 Qf6 42. Qd6 Qf7 43. Rd5 Qf6 44. Rd4 Qf5 45. Rc5 Qf6 46. Qxf6 gxf6 47. Rd6
Kg7 48. Rd7+ Rxd7 49. cxd7 Rd8 50. Rd5 Kf7 51. Rd4 f5 52. Rd6 Ke7 53. Rxh6 Kxd7
54. Rh7+ Ke6 55. Rh6+ Ke7 56. Rxa6 Rd1+ 57. Kg2 Rd5 58. h3 gxh3+ 59. Kxh3 Rd2
60. Rb6 Ra2 61. Rxb5 Rxa3 62. Rxf5 Rb3 63. Re5+ Kf6 64. Rxe4 1-0

[Event "British Columbia-ch U20"]
[Site "New Westminster CAN"]
[Date "2010.11.13"]
[Round "3"]
[White "Xiao, Alice"]
[Black "Qian, Jack"]
[Result "1-0"]
[WhiteElo "1728"]
[BlackElo "1672"]
[PlyCount "59"]
[EventDate "2010.11.13"]
[EventType "swiss"]
[EventRounds "5"]
[EventCountry "CAN"]

1. e4 c5 2. Nf3 d6 3. d4 Nf6 4. dxc5 Nxe4 5. cxd6 Nxd6 6. Bd3 Nc6 7. O-O e5 8.
Re1 f6 9. Nc3 Be6 10. Be3 Be7 11. Qe2 O-O 12. Rad1 Qc7 13. Bc5 Rad8 14. Bxd6
Bxd6 15. Nb5 Qe7 16. Be4 Bc5 17. Nc3 Qf7 18. Qb5 Bb6 19. Bxc6 bxc6 20. Qxc6 Rc8
21. Qa4 Rc4 22. Qb5 Rfc8 23. Ne4 Qg6 24. Nd6 Bh3 25. g3 Rg4 26. Qb3+ Rcc4 27.
Nxe5 Qxc2 28. Qxc2 Rxc2 29. Nxg4 Bxg4 30. Re8# 1-0

[Event "British Columbia-ch U20"]
[Site "New Westminster CAN"]
[Date "2010.11.13"]
[Round "3"]
[White "Yee, Anderson"]
[Black "He, Andy"]
[Result "1-0"]
[WhiteElo "1524"]
[BlackElo "1488"]
[PlyCount "109"]
[EventDate "2010.11.13"]
[EventType "swiss"]
[EventRounds "5"]
[EventCountry "CAN"]

1. d4 d5 2. c4 e6 3. Nc3 Nf6 4. cxd5 exd5 5. Bg5 Be7 6. e3 h6 7. Bh4 b6 8. Bd3
Bb7 9. Qc2 Nc6 10. a3 a6 11. Nf3 Qd7 12. O-O O-O 13. b4 b5 14. Rfc1 Rab8 15.
Rab1 Rfe8 16. Nd2 Qd6 17. Bg3 Qd7 18. h3 Bd6 19. Bxd6 Qxd6 20. Nb3 Nd7 21. Ne2
Rbc8 22. Nc5 Nxc5 23. Qxc5 Qxc5 24. Rxc5 Ne7 25. Rbc1 c6 26. Nf4 Kh8 27. Bc2
Ng8 28. Nd3 f6 29. Nf4 Ne7 30. g3 Ra8 31. Kg2 a5 32. Ng6+ Nxg6 33. Bxg6 Re6 34.
h4 axb4 35. axb4 Kg8 36. Kf3 Ra2 37. R1c2 Rxc2 38. Rxc2 Bc8 39. Ra2 f5 40. h5
Rf6 41. Ra8 Rf8 42. Kf4 Bd7 43. Rxf8+ Kxf8 44. Bxf5 Bxf5 45. Kxf5 Kf7 46. g4
Ke7 47. Kg6 Kf8 48. f4 Kg8 49. f5 Kf8 50. f6 gxf6 51. Kxf6 Kg8 52. Kg6 c5 53.
dxc5 Kh8 54. c6 d4 55. c7 1-0

[Event "British Columbia-ch U20"]
[Site "New Westminster CAN"]
[Date "2010.11.14"]
[Round "4"]
[White "Cheng, Jack"]
[Black "Doknjas, John"]
[Result "0-1"]
[WhiteElo "1935"]
[BlackElo "1883"]
[PlyCount "81"]
[EventDate "2010.11.13"]
[EventType "swiss"]
[EventRounds "5"]
[EventCountry "CAN"]

1. e4 c5 2. Nf3 d6 3. d4 cxd4 4. Nxd4 Nf6 5. Nc3 a6 6. Be2 e5 7. Nb3 Be7 8. O-O
O-O 9. Kh1 Be6 10. f4 Qc7 11. f5 Bc4 12. g4 d5 13. g5 Nxe4 14. Nxe4 dxe4 15. f6
Bb4 16. Bxc4 Qxc4 17. fxg7 Kxg7 18. Be3 Nc6 19. c3 Be7 20. Qg4 Rad8 21. Nd2 Qd3
22. Rae1 Qc2 23. Nxe4 Qxb2 24. Nf6 Qc2 25. Rf5 Kh8 26. Nxh7 Kxh7 27. Ref1 Kg6
28. h4 Qxa2 29. h5+ Kg7 30. g6 Qd5+ 31. Kh2 Kg8 32. gxf7+ Kh8 33. Bh6 Rg8 34.
fxg8=Q+ Rxg8 35. Qe2 Qe6 36. Qe3 e4 37. Bg5 Bd6+ 38. Kh1 Be5 39. Bf6+ Kh7 40.
Bxe5 Rg1+ 41. Rxg1 0-1

[Event "British Columbia-ch U20"]
[Site "New Westminster CAN"]
[Date "2010.11.14"]
[Round "4"]
[White "He, Andy"]
[Black "Foote, Joanne"]
[Result "1/2-1/2"]
[WhiteElo "1488"]
[BlackElo "1470"]
[PlyCount "120"]
[EventDate "2010.11.13"]
[EventType "swiss"]
[EventRounds "5"]
[EventCountry "CAN"]

1. e4 c5 2. Nf3 d6 3. d4 cxd4 4. Nxd4 Nf6 5. Nc3 a6 6. Be2 e5 7. Nb3 Be7 8. O-O
Be6 9. Be3 O-O 10. f4 Nc6 11. Bf3 Rc8 12. Kh1 Qd7 13. a3 Bd8 14. Rc1 Bc7 15.
Nd5 Bxd5 16. exd5 Ne7 17. c4 Nf5 18. Qe1 Rfe8 19. Qf2 Nxe3 20. Qxe3 e4 21. Bd1
Qd8 22. Re1 Nd7 23. Bg4 Bb6 24. Qh3 Rc7 25. Bxd7 Qxd7 26. Qxd7 Rxd7 27. Re2 f5
28. g3 Rc7 29. Nd2 Bd4 30. b4 Rec8 31. a4 b5 32. axb5 axb5 33. Nb3 Ba7 34. Na5
bxc4 35. Nc6 Kf7 36. Rxc4 Rb7 37. Ne5+ dxe5 38. Rxc8 exf4 39. gxf4 Bb8 40. Rc4
Bxf4 41. Kg2 Rb5 42. Rf2 g5 43. h4 Kg6 44. Rc6+ Kh5 45. hxg5 Kxg5 46. d6 Rxb4
47. Rc5 Rd4 48. Rc8 Rxd6 49. Rg8+ Rg6 50. Rxg6+ hxg6 51. Kf1 Kg4 52. Rg2+ Bg3
53. Ra2 f4 54. Ra4 e3 55. Ke2 Bf2 56. Re4 g5 57. Rc4 Kg3 58. Kf1 g4 59. Rc2 Kf3
60. Rxf2+ exf2 1/2-1/2

[Event "British Columbia-ch U20"]
[Site "New Westminster CAN"]
[Date "2010.11.14"]
[Round "4"]
[White "Qian, Jack"]
[Black "Yee, Anderson"]
[Result "1-0"]
[WhiteElo "1672"]
[BlackElo "1524"]
[PlyCount "127"]
[EventDate "2010.11.13"]
[EventType "swiss"]
[EventRounds "5"]
[EventCountry "CAN"]

1. e4 e5 2. Nf3 Nc6 3. d4 exd4 4. Bc4 Nf6 5. Nxd4 Bc5 6. Nxc6 bxc6 7. Nc3 O-O
8. O-O Re8 9. Re1 d5 10. exd5 Rxe1+ 11. Qxe1 cxd5 12. Be2 Qe7 13. Bg5 c6 14.
Bf3 Bf5 15. Qd2 Re8 16. Ne2 h6 17. Bxf6 Qxf6 18. c3 Be4 19. Qf4 Qxf4 20. Nxf4
Bxf3 21. gxf3 Bd6 22. Nd3 Re2 23. Rd1 Kf8 24. Kf1 Re7 25. h3 g6 26. b4 f6 27.
Rd2 Kf7 28. Kg2 Be5 29. Rc2 Bd6 30. f4 a6 31. Kf3 f5 32. Rb2 Rb7 33. Rb3 Ke6
34. Ke3 Re7 35. Kf3 Kd7 36. Ra3 Kc7 37. Rxa6 Kb7 38. b5 Re6 39. Rxc6 g5 40.
Nc5+ Bxc5 41. Rxe6 gxf4 42. Kxf4 Bxf2 43. Rxh6 Be1 44. Kxf5 Bxc3 45. Rd6 d4 46.
b6 Ba5 47. Rxd4 Bxb6 48. Rb4 Kc6 49. Rxb6+ Kxb6 50. h4 Ka5 51. h5 Ka4 52. h6
Ka3 53. h7 Kxa2 54. h8=Q Kb3 55. Qc8 Kb4 56. Qc6 Kb3 57. Qc5 Kb2 58. Qc4 Kb1
59. Qc3 Ka2 60. Qb4 Ka1 61. Ke4 Ka2 62. Kd3 Ka1 63. Kc2 Ka2 64. Qb2# 1-0

[Event "British Columbia-ch U20"]
[Site "New Westminster CAN"]
[Date "2010.11.14"]
[Round "4"]
[White "Sohal, Tanraj"]
[Black "Lo, Ryan"]
[Result "1-0"]
[WhiteElo "2153"]
[BlackElo "1860"]
[PlyCount "71"]
[EventDate "2010.11.13"]
[EventType "swiss"]
[EventRounds "5"]
[EventCountry "CAN"]

1. d4 Nf6 2. c4 g6 3. Nc3 d5 4. cxd5 Nxd5 5. e4 Nxc3 6. bxc3 Bg7 7. Bc4 c5 8.
Ne2 Nc6 9. Be3 O-O 10. O-O Na5 11. Bd3 b6 12. Qd2 e5 13. d5 f5 14. f4 fxe4 15.
Bxe4 Nc4 16. Qd3 Nxe3 17. Qxe3 Bb7 18. Rad1 Qd6 19. f5 gxf5 20. Bxf5 Ba6 21.
Rf3 Bxe2 22. Qxe2 Kh8 23. Qe4 h6 24. Rg3 Rf6 25. Qg4 Rf7 26. Be6 Rc7 27. Rf1
Rf8 28. Rxf8+ Qxf8 29. Rf3 Qd6 30. Qg6 Qd8 31. d6 Rb7 32. h3 b5 33. d7 Rxd7 34.
Bxd7 Qxd7 35. Rf7 Qd1+ 36. Kh2 1-0

[Event "British Columbia-ch U20"]
[Site "New Westminster CAN"]
[Date "2010.11.14"]
[Round "4"]
[White "Xiao, Alice"]
[Black "Rathburn, Hector"]
[Result "1/2-1/2"]
[WhiteElo "1728"]
[BlackElo "1627"]
[PlyCount "33"]
[EventDate "2010.11.13"]
[EventType "swiss"]
[EventRounds "5"]
[EventCountry "CAN"]

1. e4 c6 2. Nf3 d5 3. Nc3 dxe4 4. Nxe4 Nf6 5. Ng3 Bg4 6. Bc4 e6 7. h3 Bxf3 8.
Qxf3 Be7 9. d3 Nbd7 10. Bf4 Qa5+ 11. c3 Ne5 12. Bxe5 Qxe5+ 13. Ne2 O-O 14. O-O
Rfd8 15. d4 Qe4 16. Qxe4 Nxe4 17. Bd3 1/2-1/2

[Event "British Columbia-ch U20"]
[Site "New Westminster CAN"]
[Date "2010.11.14"]
[Round "5"]
[White "Doknjas, John"]
[Black "Xiao, Alice"]
[Result "1/2-1/2"]
[WhiteElo "1883"]
[BlackElo "1728"]
[PlyCount "40"]
[EventDate "2010.11.13"]
[EventType "swiss"]
[EventRounds "5"]
[EventCountry "CAN"]

1. d4 d5 2. Nf3 Nf6 3. e3 e6 4. Bd3 Bd6 5. O-O O-O 6. Nbd2 Nbd7 7. e4 dxe4 8.
Nxe4 Nxe4 9. Bxe4 Nf6 10. Bd3 b6 11. c3 Bb7 12. Bg5 Be7 13. Qe2 Qd6 14. Bxf6
Bxf6 15. Be4 Bd5 16. Bxd5 exd5 17. Qd2 Rfe8 18. Rfe1 Re7 19. Rxe7 Qxe7 20. Re1
Qd6 1/2-1/2

[Event "British Columbia-ch U20"]
[Site "New Westminster CAN"]
[Date "2010.11.14"]
[Round "5"]
[White "Foote, Joanne"]
[Black "Qian, Jack"]
[Result "0-1"]
[WhiteElo "1470"]
[BlackElo "1672"]
[PlyCount "116"]
[EventDate "2010.11.13"]
[EventType "swiss"]
[EventRounds "5"]
[EventCountry "CAN"]

1. e4 c5 2. c3 d5 3. exd5 Qxd5 4. d4 cxd4 5. cxd4 Nf6 6. Nc3 Qa5 7. Nf3 Bg4 8.
Be2 e6 9. O-O Nbd7 10. Bd2 Qh5 11. Rc1 a6 12. h3 Bf5 13. Ng5 Qg6 14. Nf3 Ne4
15. Nh4 Nxc3 16. Rxc3 Qf6 17. Nxf5 Qxf5 18. Rc7 b5 19. Bf3 Bd6 20. Rc6 Ke7 21.
Qc1 a5 22. Re1 h6 23. Rc3 Ra6 24. Be4 Qf6 25. g3 Qxd4 26. Rce3 Qb6 27. Bd5 Bc5
28. Rf3 Rc8 29. Qd1 Nf6 30. Bb3 a4 31. Bc2 Rd8 32. Qc1 Qc6 33. Rc3 Qd6 34. Bf4
Qb6 35. Be3 Bxe3 36. Rcxe3 Nd5 37. R3e2 Qc7 38. Qb1 Rad6 39. Bf5 Kf8 40. Bg4
Kg8 41. Bf3 Nb4 42. Rc1 Qxc1+ 43. Qxc1 Rd1+ 44. Qxd1 Rxd1+ 45. Kg2 Nxa2 46. Bc6
Rd4 47. Bxb5 Rb4 48. Bd3 Nc1 49. Rd2 Nxd3 50. Rxd3 Rxb2 51. Ra3 Rb4 52. Kf3 Kf8
53. Ke3 Ke7 54. Kd3 Kd6 55. Kc3 Kc5 56. f3 Rb3+ 57. Rxb3 axb3 58. Kxb3 Kd4 0-1

[Event "British Columbia-ch U20"]
[Site "New Westminster CAN"]
[Date "2010.11.14"]
[Round "5"]
[White "He, Andy"]
[Black "Cheng, Jack"]
[Result "0-1"]
[WhiteElo "1488"]
[BlackElo "1935"]
[PlyCount "92"]
[EventDate "2010.11.13"]
[EventType "swiss"]
[EventRounds "5"]
[EventCountry "CAN"]

1. e4 e5 2. Nf3 Nc6 3. Bc4 Nf6 4. Ng5 d5 5. exd5 Na5 6. Bb5+ c6 7. dxc6 bxc6 8.
Be2 h6 9. Nf3 e4 10. Ne5 Bd6 11. d4 exd3 12. Nxd3 Qc7 13. Nc3 O-O 14. h3 Bf5
15. Be3 Rad8 16. O-O Rfe8 17. Bf3 Nc4 18. Qc1 a6 19. a3 Nxe3 20. fxe3 Bxd3 21.
cxd3 Bh2+ 22. Kh1 Rxd3 23. e4 Bf4 24. Qe1 Red8 25. Ne2 Be5 26. Nc3 Qb6 27. Na4
Qb5 28. Qb4 Rd2 29. Rab1 Qxb4 30. axb4 Rb8 31. Nc5 Rxb4 32. b3 a5 33. Rfd1
Rxd1+ 34. Rxd1 Rb5 35. Rc1 Bd6 36. Na4 Rxb3 37. Re1 Be5 38. Bd1 Rb1 39. Rf1
Nxe4 40. Re1 Rxd1 41. Rxd1 Nf2+ 42. Kg1 Nxd1 43. Kf1 Nc3 44. Nxc3 Bxc3 45. Ke2
a4 46. Kd1 a3 0-1

[Event "British Columbia-ch U20"]
[Site "New Westminster CAN"]
[Date "2010.11.14"]
[Round "5"]
[White "Lo, Ryan"]
[Black "Yee, Anderson"]
[Result "1-0"]
[WhiteElo "1860"]
[BlackElo "1524"]
[PlyCount "167"]
[EventDate "2010.11.13"]
[EventType "swiss"]
[EventRounds "5"]
[EventCountry "CAN"]

1. d4 d5 2. c4 c6 3. Nf3 Nf6 4. Nc3 dxc4 5. a4 Bf5 6. e3 e6 7. Bxc4 Bb4 8. O-O
O-O 9. Bd2 h6 10. Re1 c5 11. Nb1 Bxd2 12. Nbxd2 cxd4 13. Nxd4 Bg6 14. Bxe6 fxe6
15. Nxe6 Qd7 16. Nxf8 Kxf8 17. Nc4 Qxd1 18. Rexd1 Nc6 19. f3 Ke7 20. e4 Rd8 21.
Kf2 Bf7 22. Rxd8 Nxd8 23. Ne3 Be6 24. b4 Nf7 25. b5 Ne5 26. Nc2 g5 27. Nd4 Bd7
28. Ke3 Kd6 29. Rc1 Ne8 30. Nb3 Ng7 31. Nc5 b6 32. Nxd7 Kxd7 33. Rd1+ Ke7 34.
g3 Ne6 35. Ra1 Nc5 36. h3 Nc4+ 37. Kf2 Nb2 38. a5 Kf6 39. axb6 axb6 40. Ke3
Nba4 41. Rc1 Ke6 42. Rc2 Kd6 43. Kd4 Ne6+ 44. Ke3 Nac5 45. f4 gxf4+ 46. gxf4
Ke7 47. Rg2 Kf6 48. h4 h5 49. f5 Nf8 50. Rg5 Ke5 51. Rxh5 Nfd7 52. Rh8 Nf6 53.
h5 Ncxe4 54. h6 Kxf5 55. Rb8 Nc3 56. Rb7 Kg6 57. h7 Nxh7 58. Rxb6+ Nf6 59. Kd4
Nxb5+ 60. Rxb5 Kf7 61. Rf5 Ke6 62. Rf1 Ke7 63. Ke5 Nd7+ 64. Kf5 Kd6 65. Rd1+
Ke7 66. Ra1 Kd6 67. Ra6+ Kc7 68. Rh6 Kd8 69. Ke6 Nc5+ 70. Kd6 Nb7+ 71. Kc6 Na5+
72. Kb5 Nb7 73. Rh7 Nd6+ 74. Kc6 Nf5 75. Kd5 Ne7+ 76. Ke6 Nc6 77. Kd6 Ke8 78.
Kxc6 Kf8 79. Ra7 Kg8 80. Kd6 Kh8 81. Ke6 Kg8 82. Kf6 Kh8 83. Kg6 Kg8 84. Ra8#
1-0

[Event "British Columbia-ch U20"]
[Site "New Westminster CAN"]
[Date "2010.11.14"]
[Round "5"]
[White "Rathburn, Hector"]
[Black "Sohal, Tanraj"]
[Result "0-1"]
[WhiteElo "1627"]
[BlackElo "2153"]
[PlyCount "122"]
[EventDate "2010.11.13"]
[EventType "swiss"]
[EventRounds "5"]
[EventCountry "CAN"]

1. g3 d5 2. d4 e6 3. Bg2 c5 4. c3 cxd4 5. cxd4 Nf6 6. a3 Be7 7. Nf3 O-O 8. Bf4
Nc6 9. Nc3 Nh5 10. Bd2 Nf6 11. Bf4 Nh5 12. Be3 Nf6 13. b4 Bd7 14. Qd3 Rc8 15.
O-O Ne8 16. Bf4 Bd6 17. Be3 Be7 18. Rfc1 Nd6 19. Nd2 Nf5 20. b5 Na5 21. Bf4 Qb6
22. e3 Bd6 23. Bh3 Bxf4 24. Bxf5 exf5 25. Nxd5 Rxc1+ 26. Rxc1 Qxb5 27. Qxb5
Bxb5 28. Nxf4 a6 29. Nf3 g6 30. Nd5 Rd8 31. Nc7 Bc6 32. Ne5 f6 33. Nxc6 Nxc6
34. Nxa6 Nxd4 35. exd4 bxa6 36. Rc6 Rxd4 37. Rxa6 Kg7 38. Kf1 Rd1+ 39. Ke2 Ra1
40. Ra7+ Kh6 41. h4 g5 42. Ra6 Kg7 43. Ra7+ Kg6 44. h5+ Kxh5 45. Rxh7+ Kg4 46.
Rf7 Ra2+ 47. Ke1 Rxa3 48. Rxf6 f4 49. gxf4 gxf4 50. Rg6+ Kf3 51. Rf6 Ra1+ 52.
Kd2 Rf1 53. Kd3 Rxf2 54. Rg6 Re2 55. Rh6 Re7 56. Rh3+ Kg2 57. Rh6 f3 58. Rg6+
Kf1 59. Rf6 f2 60. Kd2 Rd7+ 61. Ke3 Ke1 0-1

[Event "CAN-ch Amateur U1400"]
[Site "Kitchener CAN"]
[Date "2010.07.30"]
[Round "1"]
[White "Deforest, David"]
[Black "McArthur, Ricky"]
[Result "1/2-1/2"]
[WhiteElo "1380"]
[BlackElo "1128"]
[PlyCount "36"]
[EventDate "2010.07.30"]
[EventType "swiss"]
[EventRounds "7"]
[EventCountry "CAN"]

1. e4 e5 2. Nf3 Nc6 3. Bc4 Bc5 4. Nc3 h6 5. O-O d6 6. h3 f5 7. exf5 Bxf5 8. d3
Nf6 9. Be3 Bb6 10. Nd2 d5 11. Bb3 Bd4 12. Bxd4 Nxd4 13. Re1 Kf7 14. g4 Bg6 15.
Kg2 Nxb3 16. Nxb3 Re8 17. Qd2 Qd7 18. Rad1 Kg8 1/2-1/2

[Event "CAN-ch Amateur U1400"]
[Site "Kitchener CAN"]
[Date "2010.07.30"]
[Round "1"]
[White "O'Bumsawin, Nicholas"]
[Black "McCleary, Rick"]
[Result "0-1"]
[WhiteElo "1228"]
[BlackElo "1148"]
[PlyCount "59"]
[EventDate "2010.07.30"]
[EventType "swiss"]
[EventRounds "7"]
[EventCountry "CAN"]

1. e4 e6 2. d4 d5 3. Nc3 Bb4 4. e5 Ne7 5. Bd3 c5 6. Nf3 Nf5 7. Bxf5 exf5 8. O-O
Nc6 9. Nb5 O-O 10. c3 Ba5 11. Bg5 Qb6 12. Qe2 Bd7 13. a3 a6 14. Nd6 cxd4 15. b4
dxc3 16. bxa5 Nxa5 17. Qc2 d4 18. Rfb1 Bb5 19. a4 f6 20. Qa2+ Kh8 21. Qg8+ Kxg8
22. axb5 fxe5 23. Be7 c2 24. Rc1 d3 25. Nxe5 Qd4 26. Nf3 Qd5 27. Nd2 axb5 28.
Re1 Rfb8 29. f4 Qd4+ 30. Kh1 0-1

[Event "CAN-ch Amateur U1400"]
[Site "Kitchener CAN"]
[Date "2010.07.30"]
[Round "1"]
[White "Qian, Owen"]
[Black "Summerfield, Kt"]
[Result "1-0"]
[WhiteElo "1185"]
[BlackElo "833"]
[PlyCount "113"]
[EventDate "2010.07.30"]
[EventType "swiss"]
[EventRounds "7"]
[EventCountry "CAN"]

1. d4 Nf6 2. c4 e6 3. g3 c5 4. Nf3 cxd4 5. Nxd4 Bb4+ 6. Bd2 Bxd2+ 7. Qxd2 Nc6
8. Bg2 d5 9. Nc3 Qa5 10. cxd5 exd5 11. Nb3 Qb4 12. Nxd5 Nxd5 13. Bxd5 Qd6 14.
Bg2 Qxd2+ 15. Kxd2 O-O 16. Bxc6 Rd8+ 17. Kc3 bxc6 18. Rhd1 Re8 19. e3 Bg4 20.
Rd4 Be2 21. Kd2 Bb5 22. Rc1 Rac8 23. a4 c5 24. Rxc5 a6 25. axb5 axb5 26. Rxc8
Rxc8 27. Rd5 Rb8 28. Nd4 b4 29. Nc6 Ra8 30. Rd8+ Rxd8+ 31. Nxd8 Kf8 32. Nc6 b3
33. Kc3 h5 34. Kxb3 g5 35. g4 hxg4 36. Ne5 f5 37. e4 fxe4 38. Nxg4 Kf7 39. Kc4
Ke6 40. b4 Kf5 41. h3 Kf4 42. b5 Kf3 43. b6 e3 44. fxe3 Kg3 45. b7 Kxh3 46. Nf6
g4 47. Nxg4 Kxg4 48. b8=Q Kf5 49. Qf4+ Ke6 50. Qg5 Kf7 51. Qe5 Kg6 52. e4 Kf7
53. Qd6 Ke8 54. Qc7 Kf8 55. Kd5 Ke8 56. Ke6 Kf8 57. Qf7# 1-0